000
00255nam a2200109Ia 4500
008
220204s9999 xx 000 0 und d
082
_a
82-3
_b
CHR
100
_a
Christie, Agatha
245
4
_a
The Pale horse
260
_a
London
_b
Fontana
_c
1977
942
_c
BK
999
_c
29242
_d
29242